Spotrebiče pre všetkých
Čínska spoločnosť Haier Group - najväčšia svetová značka bielej techniky. Filozofia podnikania predsedu predstavenstva Zhanga Ruimina. Cesta na prvé miesto. Model štátom riadeného závodu. Inšpirácia z Nemecka. Zaujímavé portólio výrobkov.
Guardado en:
| Autor principal: | |
|---|---|
| Formato: | Capítulo de libro |
| Lenguaje: | eslovaco |
| Materias: | |
| Etiquetas: |
Sin Etiquetas, Sea el primero en etiquetar este registro!
|
MARC
| LEADER | 00000naa a2200000 4500 | ||
|---|---|---|---|
| 001 | 0161111 | ||
| 005 | 20231009104844.1 | ||
| 041 | 0 | |a slo | |
| 044 | |a SK | ||
| 245 | 1 | 0 | |a Spotrebiče pre všetkých |c Ron Gluckman |
| 520 | |a Čínska spoločnosť Haier Group - najväčšia svetová značka bielej techniky. Filozofia podnikania predsedu predstavenstva Zhanga Ruimina. Cesta na prvé miesto. Model štátom riadeného závodu. Inšpirácia z Nemecka. Zaujímavé portólio výrobkov. | ||
| 610 | 2 | 0 | |a elektrotechnika |
| 610 | 2 | 0 | |a firmy |
| 610 | 2 | 0 | |a podnikanie |
| 610 | 2 | 0 | |a podnikatelia |
| 610 | 2 | 0 | |a manažéri |
| 610 | 2 | 0 | |a riadenie podnikové |
| 610 | 2 | 0 | |a vlastníctvo |
| 610 | 2 | 0 | |a značky výrobkov |
| 610 | 2 | 0 | |a Čína |
| 100 | 1 | |a Gluckman, Ron | |